[Event "Christmas Cracker!"]
[Site "SchemingMind.com"]
[Date "2015.01.01"]
[Round "-"]
[White "Clive Everill"]
[Black "Eric111"]
[Result "1/2-1/2"]
[WhiteCountry "CZE"]
[BlackCountry "USA"]
[WhiteElo "1688"]
[WhiteRD "52"]
[BlackElo "1499"]
[BlackRD "50"]
[GameID "372029"]

1. e4 e5 2. f4 exf4 3. Nf3 g5 4. Bc4 Qe7 5. Nc3 Nc6 6. d4 Bg7 7. O-O d6 8. Nd5 Qd7 9. c3 h6 10. Re1 Nge7
11. Nxe7 Qxe7 12. b4 O-O 13. Ba3 a6 14. e5 dxe5 15. dxe5 Rd8 16. Qb3 b5 17. Bd5 Be6 18. Bxe6 fxe6 19. c4 Nd4 20. Nxd4 Rxd4
21. c5 c6 22. Bb2 Rd7 23. Rad1 Rad8 24. Rd6 Rxd6 25. cxd6 Qd7 26. a4 h5 27. axb5 axb5 28. Ra1 Kh7 29. Bd4 g4 30. Ra7 Qe8
31. Qd3+ Kg8 32. Qd2 Rd7 33. Rxd7 Qxd7 34. Qxf4 Qf7 35. Qg5 Qe8 36. Bc5 Qa8 37. Qe7 Qa1+ 38. Kf2 Qa2+ 39. Ke3 Qb3+ 40. Ke4 Qc4+
41. Ke3 Qc3+=
1/2-1/2

[Event "Christmas Cracker!"]
[Site "SchemingMind.com"]
[Date "2014.12.30"]
[Round "-"]
[White "Eric111"]
[Black "kenneth m day"]
[Result "0-1"]
[WhiteCountry "USA"]
[BlackCountry "USA"]
[WhiteElo "1506"]
[WhiteRD "51"]
[BlackElo "1698"]
[BlackRD "51"]
[GameID "372030"]

1. e4 e5 2. Nf3 Nc6 3. Bb5 a6 4. Bxc6 dxc6 5. O-O Qd6 6. d3 Nf6 7. Nbd2 b5 8. a3 Be7 9. b4 O-O 10. Bb2 Bg4
11. Re1 c5 12. h3 Bxf3 13. Nxf3 Nd7 14. bxc5 Qxc5 15. Qd2 Qd6 16. Ng5 h6 17. Nf3 f5 18. exf5 Rxf5 19. Re2 Bf6 20. Rb1 Re8
21. c3 Nc5 22. d4 Nd7 23. dxe5 Qxd2 24. Rxd2 Nxe5 25. Nxe5 Rfxe5 26. Rdd1 Rc5 27. Rbc1 Re2 28. Rb1 Bxc3 29. Bxc3 Rf5 30. Rf1 c5
31. Rbe1 Ra2 32. Re7 Rg5 33. Rd1 Rxa3 34. Rd8+ Kh7 35. Bd2 Rg6 36. g4 c4 37. Bb4 Rb3 38. Ba5 Rc6 39. Rd1 c3 40. Rc1 c2
41. Ree1 Rb2 42. Bd2 b4 43. h4 b3 44. h5 Ra2 45. g5 hxg5 46. Bxg5 b2
0-1

[Event "Christmas Cracker!"]
[Site "SchemingMind.com"]
[Date "2014.12.30"]
[Round "-"]
[White "kenneth m day"]
[Black "Eric111"]
[Result "0-1"]
[WhiteCountry "USA"]
[BlackCountry "USA"]
[WhiteElo "1698"]
[WhiteRD "51"]
[BlackElo "1506"]
[BlackRD "51"]
[GameID "372031"]

1. e4 e5 2. f4 exf4 3. Nf3 d6 4. d4 g5 5. g3 g4 6. Nh4 f3 7. Bc4 c6 8. h3 gxh3 9. Qxf3 Qf6 10. Qxf6 Nxf6
11. Nc3 Bg4 12. O-O Nbd7 13. Bg5 Bg7 14. Rae1 O-O 15. Nf5 Bxf5 16. exf5 h6 17. Bf4 d5 18. Bd3 Rae8 19. Bd6 Rxe1 20. Rxe1 Re8
21. Rxe8+ Nxe8 22. Bf4 Bxd4+ 23. Kh2 Bg7 24. Kxh3 Nef6 25. Be3 Ne5 26. Be2 Nh7 27. Bf4 f6 28. Kg2 Ng5 29. g4 Kf7 30. Kf2 Nh3+
31. Ke3 Nxf4 32. Kxf4 Bf8 33. Bf1 Bd6 34. Be2 Nd3+ 35. Ke3 Nxb2 36. Kd2 Be5 37. Nb1 Na4 38. Na3 Nc5 39. c3 Ne4+ 40. Kd3 Nxc3
0-1

[Event "Christmas Cracker!"]
[Site "SchemingMind.com"]
[Date "2014.12.29"]
[Round "-"]
[White "Eric111"]
[Black "Simon Green"]
[Result "1-0"]
[WhiteCountry "USA"]
[BlackCountry "ENG"]
[WhiteElo "1499"]
[WhiteRD "50"]
[BlackElo "1636"]
[BlackRD "55"]
[GameID "372032"]

1. e4 e6 2. d4 d5 3. e5 c5 4. c3 c4 5. Nf3 Be7 6. Bf4 f5 7. Be2 Qb6 8. Qc2 Bd7 9. Nbd2 Nc6 10. b3 Na5
11. bxc4 dxc4 12. Nxc4 Nxc4 13. Bxc4 Rc8 14. Bb3 Bb4 15. Bd2 Ne7 16. O-O O-O 17. Rab1 Qa6 18. Qb2 Ba3 19. Qc2 Bb5 20. Rfe1 Bd3
21. Qd1 Bxb1 22. Qxb1 Nd5 23. g4 g6 24. gxf5 gxf5 25. Bxd5 exd5 26. Nh4 Qe6 27. Qxb7 Rf7 28. Qb1 f4 29. Kh1 Qh3 30. Rg1+ Kh8
31. Ng6+ hxg6 32. Qxg6 Qf3+ 33. Rg2 Rcf8 34. Qh6+
1-0

[Event "Christmas Cracker!"]
[Site "SchemingMind.com"]
[Date "2014.12.29"]
[Round "-"]
[White "Simon Green"]
[Black "Eric111"]
[Result "1-0"]
[WhiteCountry "ENG"]
[BlackCountry "USA"]
[WhiteElo "1615"]
[WhiteRD "55"]
[BlackElo "1506"]
[BlackRD "51"]
[GameID "372033"]

1. d4 Nf6 2. e3 d5 3. Bd3 c5 4. c3 c4 5. Bc2 g6 6. f4 e6 7. Nf3 Bg7 8. O-O O-O 9. Nbd2 Nc6 10. Ne5 Qc7
11. Qe1 b5 12. Qg3 Nh5 13. Qf3 a6 14. h3 f5 15. g4 Nf6 16. g5 Ne4 17. Bxe4 dxe4 18. Qg3 Nxe5 19. dxe5 Bb7 20. h4 Rfd8
21. Rd1 Qb6 22. Kf2 Rd3 23. Ke2 Rad8 24. Qg1 Qc7 25. a4 Ra8 26. Nf1 Rxd1 27. Kxd1 Rd8+ 28. Bd2 Bf8 29. Kc2 Bc5 30. axb5 axb5
31. Qf2 Ra8 32. Rxa8+ Bxa8 33. Qe2 Qa5 34. Bc1 b4 35. Qxc4 Bd5 36. Qe2 Qa4+ 37. Kd2 bxc3+ 38. Ke1 cxb2 39. Bxb2 Bc4 40. Qf2 Bb4+
41. Nd2 Qb3 42. Bc1 Qb1 43. Kd1 Bb3+ 44. Nxb3 Qxb3+ 45. Qc2 Qxc2+ 46. Kxc2 Kg7 47. Bd2 Bxd2 48. Kxd2 h6 49. Kc3 hxg5 50. hxg5 Kf7=
51. Kc4 Ke7 52. Kc5 Kd7 53. Kb6 Kd8 54. Kc6 Ke7 55. Kc7 Ke8 56. Kd6 Kf7 57. Kd7 Kg7 58. Kxe6 Kf8 59. Kd7
1-0

[Event "Christmas Cracker!"]
[Site "SchemingMind.com"]
[Date "2014.12.29"]
[Round "-"]
[White "Eric111"]
[Black "bobbassbone"]
[Result "0-1"]
[WhiteCountry "USA"]
[BlackCountry "ENG"]
[WhiteElo "1499"]
[WhiteRD "50"]
[BlackElo "1534"]
[BlackRD "56"]
[GameID "372034"]

1. e4 c6 2. d4 d5 3. e5 Bf5 4. Bd3 Bxd3 5. Qxd3 e6 6. Nf3 Bb4+ 7. c3 Ba5 8. Bg5 Ne7 9. Nbd2 h6 10. Be3 Nd7
11. a3 c5 12. dxc5 O-O 13. b4 Bc7 14. Bf4 f6 15. exf6 Bxf4 16. fxe7 Bxd2+ 17. Qxd2 Qxe7 18. O-O Rf7 19. Rae1 Raf8 20. Qd3 Nf6
21. Re2 Nd7 22. Rfe1 Rf6 23. Re3 Re8 24. Qe2 Kf7 25. h3 Nf8 26. Ne5+ Kg8 27. Rg3 Rf5 28. Qg4 Qf6 29. Nd3 Qxc3 30. Ne5 Qxe1+
31. Kh2 Qxe5 32. f4 Rxf4
0-1

[Event "Christmas Cracker!"]
[Site "SchemingMind.com"]
[Date "2014.12.29"]
[Round "-"]
[White "bobbassbone"]
[Black "Eric111"]
[Result "1-0"]
[WhiteCountry "ENG"]
[BlackCountry "USA"]
[WhiteElo "1566"]
[WhiteRD "60"]
[BlackElo "1506"]
[BlackRD "51"]
[GameID "372035"]

1. d4 Nf6 2. Bf4 d5 3. e3 Bf5 4. c3 e6 5. Nd2 Be7 6. Ngf3 O-O 7. h3 Bd6 8. Ne5 c5 9. Be2 cxd4 10. exd4 Nc6
11. Ndf3 Nh5 12. Nxc6 bxc6 13. Bxd6 Qxd6 14. Ne5 Be4 15. Bxh5 Bxg2 16. Rg1 Bxh3 17. Qf3 Bf5 18. Qg3 g6 19. Rd1 Rad8 20. Bg4 Rfe8
21. Kd2 Bxg4 22. Qxg4 c5 23. Qf3 Rf8 24. Rg2 cxd4 25. cxd4 Qb4+ 26. Qc3 Qxc3+ 27. bxc3 a5 28. Rb1 Rb8 29. Rgg1 Rxb1 30. Rxb1 Kg7
31. a4 h5 32. Rb5 Ra8 33. Nc6 h4 34. Ke2 h3 35. Kf1 h2 36. Kg2 Rh8 37. Kh1 f5 38. Rxa5 g5 39. Rb5 g4 40. a5 f4
41. a6 g3 42. fxg3 fxg3 43. Rb2 Ra8 44. a7 Kg6 45. Rb8 Rxa7 46. Nxa7
1-0

[Event "Christmas Cracker!"]
[Site "SchemingMind.com"]
[Date "2014.12.29"]
[Round "-"]
[White "Eric111"]
[Black "xarxziux"]
[Result "0-1"]
[WhiteCountry "USA"]
[BlackCountry "IRL"]
[WhiteElo "1499"]
[WhiteRD "50"]
[BlackElo "1907"]
[BlackRD "71"]
[GameID "372036"]

1. d4 d6 2. c4 Nf6 3. Nc3 Nbd7 4. Nf3 e5 5. dxe5 dxe5 6. e4 Bb4 7. Bd3 Nc5 8. Be2 Qxd1+ 9. Kxd1 Nfxe4 10. Nxe4 Nxe4
11. Be3 f6 12. Bd2 Bxd2 13. Nxd2 Nxf2+
0-1

[Event "Christmas Cracker!"]
[Site "SchemingMind.com"]
[Date "2014.12.29"]
[Round "-"]
[White "xarxziux"]
[Black "Eric111"]
[Result "1-0"]
[WhiteCountry "IRL"]
[BlackCountry "USA"]
[WhiteElo "1907"]
[WhiteRD "71"]
[BlackElo "1499"]
[BlackRD "50"]
[GameID "372037"]

1. Nf3 Nf6 2. d4 d5 3. c4 g6 4. cxd5 Qxd5 5. Nc3 Qd8 6. e4 Bg7 7. Bc4 c6 8. O-O O-O 9. Bg5 Nbd7 10. e5 Nd5
11. Nxd5 cxd5 12. Bxd5 Nb6 13. Bb3 Qd7 14. Re1 e6 15. Qd2 Nd5 16. Bh6 Bxh6 17. Qxh6
1-0